Movies Quiz

Random Movies or Actor Quiz

Sean Bean: Dead or Alive? Quiz Stats

 Plays Quiz Updated Apr 27, 2017

Also try: Character Actors
Challenge
Share
Tweet
Embed
Score 0/16 Timer 04:00
0 Plays Today
Film Dead or Alive? % Correct
The Lord of the Rings: The Fellowship of the Ring???
91.4%
Goldeneye???
91.4%
A Game of Thrones (TV)???
88.3%
Patriot Games???
85.3%
Henry VIII (TV)???
83.2%
Black Death???
83.1%
Equilibrium???
76.8%
Don't Say a Word???
72.6%
Film Dead or Alive? % Correct
The Field???
67.1%
Percy Jackson & The Olympians: The Lightning Thief???
56.7%
Black Beauty???
53.5%
National Treasure???
50.9%
Anna Karenina???
35.5%
North Country???
34.5%
Troy???
33.1%
Silent Hill???
25.5%

You're not logged in!

Compare scores with friends on all Sporcle quizzes.
Join for Free
OR
Log In

You Might Also Like...

Show Comments

Extras

Top Quizzes Today


Score Distribution

Your Account Isn't Verified!

In order to create a playlist on Sporcle, you need to verify the email address you used during registration. Go to your Sporcle Settings to finish the process.

Report this User

Report this user for behavior that violates our Community Guidelines.

Details: